000 00349nam a2200121 4500
003 SGT
082 _a080
_bM04N
100 _aनारायण, जयप्रकाश
245 _aमेरी विचार यात्रा
260 _bसर्व सेवा संघ प्रकाशन
_c2004
300 _a222
942 _2ddc
_cBK
999 _c31557
_d31557